World map quiz - Statistics

General Stats
  • This quiz has been taken 2 times
  • The average score is 116 of 195
Answers on the Map
Answers color-coded by a green-red scale on the quiz's map according to % correct below.
 
Answer Stats
Answer % Correct
albania
100%
algeria
100%
australia
100%
brazil
100%
canada
100%
china
100%
croatia
100%
egypt
100%
france
100%
germany
100%
india
100%
iraq
100%
italy
100%
japan
100%
kuwait
100%
lebanon
100%
mali
100%
malta
100%
mexico
100%
monaco
100%
morocco
100%
north korea
100%
norway
100%
pakistan
100%
peru
100%
portugal
100%
qatar
100%
russia
100%
south africa
100%
south korea
100%
spain
100%
sri lanka
100%
sweden
100%
tunisia
100%
uae
100%
uk
100%
usa
100%
vatican
100%
afghanistan
50%
andorra
50%
angola
50%
antigua
50%
argentina
50%
armenia
50%
austria
50%
azerbaijan
50%
bahamas
50%
bahrain
50%
bangladesh
50%
barbados
50%
belarus
50%
belgium
50%
belize
50%
benin
50%
bhutan
50%
bolivia
50%
bosnia
50%
botswana
50%
brunei
50%
bulgaria
50%
burkina faso
50%
burundi
50%
cambodia
50%
cameroon
50%
cape verde
50%
CAR
50%
chad
50%
chile
50%
colombia
50%
comoros
50%
congo
50%
costa rica
50%
cote divoire
50%
cuba
50%
cyprus
50%
czechia
50%
denmark
50%
djibouti
50%
dominica
50%
dominican republic
50%
east timor
50%
ecuador
50%
el salvador
50%
equatorial guinea
50%
eritrea
50%
estonia
50%
eswatini
50%
ethiopia
50%
fiji
50%
finland
50%
gabon
50%
gambia
50%
georgia
50%
ghana
50%
greece
50%
grenada
50%
guatemala
50%
guinea
50%
guinea bissau
50%
guyana
50%
haiti
50%
honduras
50%
hungary
50%
iceland
50%
indonesia
50%
iran
50%
ireland
50%
jamaica
50%
jordan
50%
kazakhstan
50%
kenya
50%
kiribati
50%
kosovo
50%
kyrgyzstan
50%
laos
50%
latvia
50%
lesotho
50%
liberia
50%
libya
50%
liechtenstein
50%
lithuania
50%
luxembourg
50%
macedonia
50%
madagascar
50%
malawi
50%
malaysia
50%
maldives
50%
marshall islands
50%
mauritania
50%
mauritius
50%
micronesia
50%
moldova
50%
mongolia
50%
montenegro
50%
mozambique
50%
myanmar
50%
namibia
50%
nauru
50%
nepal
50%
netherlands
50%
new zealand
50%
nicaragua
50%
niger
50%
nigeria
50%
oman
50%
palau
50%
palestine
50%
panama
50%
papua new guinea
50%
paraguay
50%
Philippines
50%
poland
50%
romania
50%
rwanda
50%
saint kitts
50%
saint lucia
50%
saint vincent
50%
samoa
50%
san marino
50%
sao tome
50%
senegal
50%
serbia
50%
seychelles
50%
sierra leone
50%
singapore
50%
slovakia
50%
slovenia
50%
solomon islands
50%
somalia
50%
south sudan
50%
sudan
50%
suriname
50%
switzerland
50%
syria
50%
taiwan
50%
tajikistan
50%
tanzania
50%
thailand
50%
togo
50%
tonga
50%
trinidad
50%
turkey
50%
turkmenistan
50%
tuvalu
50%
uganda
50%
ukraine
50%
uruguay
50%
uzbekistan
50%
vanuatu
50%
venezuela
50%
vietnam
50%
yemen
50%
zambia
50%
zimbabwe
50%
ksa
0%
No matching quizzes found
Score Distribution
Percent of People with Each Score
Percentile by Number Answered
Your Score History
You have not taken this quiz